The one minute manager builds high performing teams (Record no. 108254)

MARC details
000 -LEADER
fixed length control field 00671cam a22002055a 4500
001 - CONTROL NUMBER
control field L143706
008 - FIXED-LENGTH DATA ELEMENTS--GENERAL INFORMATION
fixed length control field 080528s2004 xxk f 000 0 eng d
020 ## - INTERNATIONAL STANDARD BOOK NUMBER
International Standard Book Number 9780007811335
035 ## - SYSTEM CONTROL NUMBER
System control number (Sirsi) u143706
041 0# - LANGUAGE CODE
Language code of text/sound track or separate title eng
100 1# - MAIN ENTRY--PERSONAL NAME
Personal name Blanchard, Ken
245 04 - TITLE STATEMENT
Title The one minute manager builds high performing teams
Remainder of title increase satisfaction and productivity to achieve excellence
260 ## - PUBLICATION, DISTRIBUTION, ETC.
Place of publication, distribution, etc. London
Name of publisher, distributor, etc. Harper Collins Publishers
Date of publication, distribution, etc. 2004
300 ## - PHYSICAL DESCRIPTION
Extent 111p.
Dimensions 20cm.
520 ## - SUMMARY, ETC.
Summary, etc. Parable-style book explains how to create teams that work together more effectively.
651 #4 - SUBJECT ADDED ENTRY--GEOGRAPHIC NAME
Geographic name International
700 1# - ADDED ENTRY--PERSONAL NAME
Personal name Carew, Don
700 1# - ADDED ENTRY--PERSONAL NAME
Personal name Carew, Eunice Parisi
942 ## - ADDED ENTRY ELEMENTS (KOHA)
Suppress in OPAC 0
Holdings
Withdrawn status Lost status Damaged status Not for loan Home library Current library Shelving location Date acquired Total Checkouts Full call number Barcode Date last seen Date last checked out Copy number Price effective from Koha item type Source of classification or shelving scheme
  Missing     London London Missing 28/05/2008 3 STAFF BLAN 30074766 06/08/2019 17/11/2010 4 06/08/2019 Book  
        London London Staff library 28/05/2008 1 STAFF BLAN 30074751 06/08/2019 12/01/2012 5 06/08/2019 Book Dewey Decimal Classification
        London London Staff library 18/06/2012   STAFF BLAN 30077474 06/08/2019   6 06/08/2019 Book Dewey Decimal Classification